Top 50 - Hits 2022 - Statistiques

Statistiques générales
  • Ce quiz a été pris 396 fois
  • Le résultat moyen est 11 sur 50
Statistiques - réponses
Hint Réponse % Correct
Bruxelles je t'aime Angèle
75%
Take my Breath The Weeknd
71%
Save your tears The Weeknd
71%
Blinding lights The Weeknd
71%
Bad Habits Ed Sheeran
66%
Shivers Ed Sheeran
66%
Easy On Me Adèle
63%
Oh My God Adèle
63%
Santé Stromae
54%
L'enfer Stromae
54%
La Quête Orelsan
47%
Wrecked Imagine Dragons
37%
Follow You Imagine Dragons
37%
Enemy Imagine Dragons
37%
Rétine Amir
29%
Respire encore Clara Luciani
28%
Amour toujours Clara Luciani
28%
ABCDEFU Gayle
27%
Tornade Louane
24%
My Universe Coldplay - BTS
15%
Tu t'en iras La Zarra
14%
Cold Heart Elton John - Dua Lipa
12%
Acapulco Jason Derulo
12%
That's what I want Lil Nas X
12%
Derrière le brouillard Grand Corps Malade - Louane
11%
Stay The Kid Laroi - Justin Bieber
11%
1+1 Sia - Amir
10%
Nos lendemains Vianney
10%
Conquistador Kendji Girac
8%
Ani Kuni Polo & Pan
6%
Il y'aura toujours un rendez-vous Les enfoirés
5%
Nos plus belles années Grand Corps Malade - Kimberose
4%
À la vie qu'on mène Jeremy Frérot
4%
Ghost Town Benson Boone
3%
Minefields Faouzia - John Legend
3%
Moth to a flame Swedish House Mafia - The Weeknd
3%
Little Bit of love Tom Grennan
3%
Cover me in a sunshine Pink - Willow Sage Hart
2%
Toi tu pars Cephaz
1%
Infinity Jaymes Young
1%
Message in a bottle Colorblast
0%
Arcade Duncan Laurence - Fletcher
0%
Dry Bones Gregory Porter
0%
Combien d'airs Lilian Renaud
0%
Loin Nolwenn Leroy
0%
Hurricane Ofenbach - Ella Anderson
0%
Friendships Pascal Letoublon - Leony
0%
A un paso de la luna Reik - Rocco Hunt - Ana Mena
0%
Young Right Now Robin Schulz - Denis Lloyd
0%
Dynamite Sean Paul - Sia
0%
Aucun quiz correspondant
Distribution des résultats
% des personnes avec chaque résultat
Percentile par nombre de réponses
Votre historique - résultats
Vous n’avez pas pris ce quiz